Špecifiká účtovania a vykazovania mikro účtovnej jednotky bakalárska práca

Na minha lista:
Detalhes bibliográficos
Autor principal: Opálková, Nikola
Autor Corporativo: Fakulta hospodárskej informatiky EU. Katedra účtovníctva a audítorstva
Outros Autores: Kňažková, Veronika, 1986-
Formato: Livro
Idioma:eslovaco
Publicado em: Bratislava 2018
Tags: Adicionar Tag
Sem tags, seja o primeiro a adicionar uma tag!

MARC

LEADER 00000nbm a2200000 4500
001 0245415
005 20181106083924.5
041 0 |a slo 
044 |a SK 
245 1 0 |a Špecifiká účtovania a vykazovania mikro účtovnej jednotky  |b bakalárska práca  |c Nikola Opálková ; školiteľ: Veronika Kňažková 
264 1 |a Bratislava  |c 2018 
300 |a 42 s. 
100 1 |a Opálková, Nikola 
700 1 |a Kňažková, Veronika, 1986- 
710 2 |a Fakulta hospodárskej informatiky EU. Katedra účtovníctva a audítorstva